| 000 | 00602nam a2200217Ia 4500 | ||
|---|---|---|---|
| 003 | GCL | ||
| 008 | 140319s9999 xx 000 0 eng d | ||
| 040 |
_aGCL / _cGCL |
||
| 082 | 0 | 4 |
_a929.20902 _bB H |
| 100 | 1 | _aBURGUIERE, ANDRE | |
| 245 | 1 | 0 |
_aHISTOIRE DE LA FAMILLE: 2. TEMPS MEDIEVAUX: ORIENT \ OCCIDENT / _cBURGUIERE, ANDRE |
| 700 | 1 | _aKLAPISCH-ZUBER, CHRISTIANE | |
| 700 | 1 | _aSEGALEN, MARTINE | |
| 700 | 1 | _aZONABEND, FRANCOISE | |
| 260 |
_a[S.N] : _bARMAND COLIN ، _c1986 |
||
| 300 | _a479 | ||
| 650 | 0 | 4 | _aFAMILY HISTORY |
| 650 | 0 | 4 | _aFAMILY |
| 650 | 0 | 4 | _aMIDDLE AGES |
| 942 |
_2ddc _cBK |
||
| 999 |
_c12607 _d12607 |
||